000 00538nam a2200181Ia 4500
001 24106
005 20260414151021.0
008 260414t2004||||xx |||||||||||||| ||spa||
041 _aESP
082 _a780.9032
_bQ39
100 _aQuezada Macchiavello, José
_eAUT
245 0 _aEl legado musical del Cusco barroco :
_bestudio y catálogo de los manuscritos de música del seminario San Antonio Abad del Cusco
260 _c2004
300 _a279 páginas :
_c24 cm.
650 _aABD
654 _aCAU
942 _cLIB
_dJUS
_fJUS
_2ddc
_n
999 _c24106
_d24106